000 00761cam a2200229 a 4500
020 _a0120671018 (v. 1)
020 _a0198552920 (v. 4)
040 _cDLC
082 0 0 _a541 ACA 1991 A109 Or.
245 0 0 _aInclusion compounds /
260 _aLondon ;
_aOrlando :
_bAcademic Press,
_c1984-1991.
300 _a5 v. :
_bill. ;
_c24 cm.
490 1 _av. 4-5: Oxford science publications
500 _aVol. 4-5 imprint: Oxford ; New York : Oxford University Press.
650 0 _aClathrate compounds.
700 1 _aAtwood, J. L.
700 1 _aDavies, J. E. D.
700 1 _aMacNicol, D. D.
856 4 2 _uhttp://www.loc.gov/catdir/enhancements/fy0638/83072135-d.html
856 4 1 _uhttp://www.loc.gov/catdir/enhancements/fy0638/83072135-t.html
942 _cEK
999 _c16652
_d16652